President of the United States by picture of the election map - Statistics

General Stats
  • This quiz has been taken 235 times
    234 since last reset
  • The average score is 12 of 17
Answer Stats
Hint Answer % Correct
1789 - G. Washington
89%
1932 - F. D. Roosevelt
83%
1808 - J. Madison
81%
2016 - D. J. Trump
80%
2008 - B. Obama
79%
2020 - J. Biden
79%
1980 - R. Reagan
77%
1860 - A. Lincoln
72%
1912 - W. Wilson
72%
2000 - G. W. Bush
72%
1868 - U. S. Grant
71%
1968 - R. Nixon
71%
1828 - A. Jackson
70%
1960 - J. F. Kennedy
66%
1856 - J. Buchanan
64%
1884 - G. Cleveland
62%
1948 - H. Truman
58%
No matching quizzes found
Score Distribution
Percent of People with Each Score
Percentile by Number Answered
Your Score History
You have not taken this quiz since the last reset